| 000 | 003080000a22000970004500 | ||
|---|---|---|---|
| 100 | 1 | _aEber, Jochen | |
| 245 | 1 | 0 | _aParachurch orgaization, transconfessional movement's and their relation to church unity |
| 300 | _aVol. 10, Núm 1 (2001), Páginas 37-48 | ||
| 773 | 0 | _tEuropean Journal of Theology | |
| 942 | _cANA | ||
| 999 |
_c53971 _d53971 |
||